Pays d'Europe par ordre alphabétique - Statistiques

Statistiques générales
  • Ce quiz a été pris 158 fois
    112 depuis la dernière actualisation
  • Le résultat moyen est 30 sur 45
Réponses sur la Carte
Les réponses sont colorées sur une échelle allant du rouge au vert en fonction du pourcentage des utilisateurs qui les ont devinées à leur premier essai. Vous pouvez retrouver ces pourcentages ci-dessous.
 
Statistiques - réponses
Pays % Correct
Albanie
99%
Allemagne
94%
Andorre
93%
Autriche
84%
Belgique
82%
Biélorussie
79%
Bosnie-Herzégovine
78%
Bulgarie
78%
Croatie
76%
Danemark
76%
Espagne
76%
France
76%
Estonie
75%
Finlande
75%
Hongrie
74%
Grèce
72%
Italie
71%
Irlande
69%
Islande
69%
Lettonie
68%
Lituanie
68%
Kosovo
66%
Liechtenstein
66%
Luxembourg
65%
Macédoine du Nord
65%
Malte
63%
Moldavie
63%
Pologne
63%
Monaco
62%
Norvège
62%
Portugal
60%
Pays-Bas
59%
Monténégro
57%
Roumanie
56%
Royaume-Uni
54%
Vatican
54%
Ukraine
53%
Slovénie
51%
Suède
51%
Suisse
51%
Russie
50%
Slovaquie
50%
Saint-Marin
49%
Serbie
49%
Tchéquie
47%
Aucun quiz correspondant
Distribution des résultats
% des personnes avec chaque résultat
Percentile par nombre de réponses
Votre historique - résultats
Vous n’avez pas pris ce quiz depuis la dernière actualisation